000 00847nam a2200205Ii 4500
003 JO-AjNU
008 230605s9999||||xx |||||||||||||| ||und||
040 _aJO-AjNU
_bara
_erda
_cJO-AjNU
041 _aara
050 1 4 _aPJ8268.N6678 1981
100 3 _aسلمان، نور,
_eauthor
_957031
245 0 0 _aالأدب الجزائري في رحاب الرفض والتحرير
250 _aط1
264 3 1 _aبيروت: دار العلم للملايين، 1981
300 _a600ص
_bالملاحق ص 491-545 ؛ المصادر والمراجع العربية والاجنبية ص 546-583 ؛ فهرس الاعلام ص 584-597
336 _atext
_btxt
_2rdacontent
337 _aunmediated
_bn
_2rdamedia
338 _avolume
_bnc
_2rdacarrier
650 4 _aالادب العربي- القرن العشرين- الجزائر- تاريخ
_957032
999 _aA25533
_c29101
_d29101